Космические аппараты и технологии: научный журнал

Bibliographic Details
Corporate Author: Ассоциация «Технологическая платформа «Национальная информационная спутниковая система»
Summary:Целью журнала является организация эффективного обмена информацией о последних научно-технических достижениях, перспективных планах и разработках в космической отрасли между отечественными и зарубежными центрами разработки ракетно-космической техники и технологий
Language:Russian
Published: Железногорск, Изд-во ТП НИСС, 2012-
Subjects:
Online Access:https://elibrary.ru/title_about_new.asp?id=68251
http://www.journal-niss.ru/index.php
Format: Electronic Serial
KOHA link:https://koha.lib.tpu.ru/cgi-bin/koha/opac-detail.pl?biblionumber=590134

MARC

LEADER 00000nas1a2200000 4500
001 590134
005 20241115161342.0
011 |a 2618-7957 
035 |a (RuTPU)RU\TPU\prd\292869 
035 |a RU\TPU\prd\289572 
090 |a 590134 
100 |a 20230215a20129999k||y0rusy50 ca 
101 0 |a rus 
102 |a RU 
110 |a ahaz 0uu0 
200 1 |a Космические аппараты и технологии  |e научный журнал  |f Ассоциация «Технологическая платформа «Национальная информационная спутниковая система» 
210 |a Железногорск  |c Изд-во ТП НИСС  |d 2012- 
305 |a Издается с 2012 г. 
326 |a Периодичность - 4 номера в год 
330 |a Целью журнала является организация эффективного обмена информацией о последних научно-технических достижениях, перспективных планах и разработках в космической отрасли между отечественными и зарубежными центрами разработки ракетно-космической техники и технологий 
606 1 |a Космическая технология  |2 stltpush  |3 (RuTPU)RU\TPU\subj\80490  |9 88151 
606 1 |a Космические аппараты  |2 stltpush  |3 (RuTPU)RU\TPU\subj\15787  |9 41997 
686 |a 629.78  |2 rubbk 
686 |a 629.782  |2 rubbk 
712 0 2 |a Ассоциация «Технологическая платформа «Национальная информационная спутниковая система»  |c (Железногорск) 
801 0 |a RU  |b 63413507  |c 20230215  |g RCR 
801 0 |a RU  |b 63413507  |c 20241115  |g PSBO 
856 4 |u https://elibrary.ru/title_about_new.asp?id=68251  |z https://elibrary.ru/title_about_new.asp?id=68251 
856 4 |u http://www.journal-niss.ru/index.php  |z http://www.journal-niss.ru/index.php 
942 |c CF